| 000 | 00703nam a2200217 a 4500 | ||
|---|---|---|---|
| 999 |
_c8498 _d8498 |
||
| 001 | 8498 | ||
| 003 | BD-JhCC | ||
| 005 | 20220406134022.0 | ||
| 008 | 180226s2013 bg |||| ||a| 000 0 ben d | ||
| 035 | _a(BD-JhCC)8498 | ||
| 040 |
_aBD-JhCC _dBD-JhCC |
||
| 041 | _aben | ||
| 082 |
_a330 _bDUT 2013 |
||
| 100 | _aদত্ত, সত্যজিৎ | ||
| 245 |
_aঅর্থনীতি প্রথম পত্র একাদশ ও দ্বাদশ শ্রেণি / _cসত্যজিৎ দত্ত, |
||
| 260 |
_aঢাকা : _bমল্লিক ব্রাদার্স, _c2013 |
||
| 300 |
_a244 p. : _c24 cm. |
||
| 650 | _aEconomics | ||
| 942 |
_2ddc _cBK _01 |
||